000 00688nam a2200181 a 4500
001 000044999
005 20220823125740.0
008 150128s2002 dr a 000 0 spa d
040 _aDO-SdBNP
_bspa
_cBNPHU
082 _axxxx
_bxxxx
111 2 _aConcurso de Literatura Infantil
_n(1er. :
_d2001
_cSanto Domingo)
_973009
245 1 0 _aPrimer concurso de literatura infantil :
_bcuentos que contar... /
_cedición ; Lorelay Carrón ; ilustracion Henry Cid.
260 _aSanto Domingo :
_bBanreservas,
_c2002.
300 _a57 p. :
_bil. ;
_c25 cm.
710 2 2 _aBanco de Reservas de la República Dominicana
_96285
700 1 _aCarrón, Lorelay,
_eed.
_973010
700 1 _aCid, Henry,
_eil.
_9346
999 _c44488
_d44488